3/26 Countries that start with C - Statistics

General Stats
  • This quiz has been taken 167 times
  • The average score is 13 of 17
Answer Stats
Answer % Correct
Canada
93%
Cameroon
89%
China
89%
Cambodia
86%
Chile
83%
Croatia
82%
Chad
80%
Czech Republic
78%
Cuba
76%
Cyprus
76%
Comoros
75%
Colombia
71%
Costa Rica
71%
Congo
70%
Cape Verde
67%
Central African Republic
62%
Cote d'Ivoire
51%
No matching quizzes found
Score Distribution
Percent of People with Each Score
Percentile by Number Answered
Your Score History
You have not taken this quiz